[Event "FRA-ch blitz"]
[Site "Paris"]
[Date "2010.??.??"]
[Round "9"]
[White "Flom, Gabriel"]
[Black "Kosteniuk, Alexandra"]
[Result "1/2-1/2"]
[WhiteElo "2398"]
[BlackElo "2540"]
[PlyCount "144"]
[EventDate "2010.02.??"]
[EventType "tourn (blitz)"]
[EventRounds "13"]
[EventCountry "FRA"]
[SourceTitle "EXT 2011"]
[Source "ChessBase"]
[SourceDate "2010.11.26"]
[SourceVersion "1"]
[SourceVersionDate "2010.11.26"]
[SourceQuality "1"]

1. d4 Nf6 2. c4 e6 3. Nc3 Bb4 4. Nf3 b6 5. Bg5 h6 6. Bh4 Bb7 7. e3 Bxc3+ 8.
bxc3 d6 9. Bd3 Nbd7 10. O-O g5 11. Bg3 Ne4 12. Qc2 Nxg3 13. fxg3 Qe7 14. Be4 c6
15. a4 Nf6 16. a5 Nxe4 17. Qxe4 c5 18. Qc2 f5 19. axb6 axb6 20. Rxa8+ Bxa8 21.
g4 O-O 22. Nd2 Qb7 23. d5 exd5 24. Rxf5 dxc4 25. Nxc4 Rxf5 26. Nxd6 Qxg2+ 27.
Qxg2 Bxg2 28. Nxf5 Be4 29. Nxh6+ Kg7 30. Nf5+ Kf6 31. Nd6 Bd3 32. Kf2 Ke5 33.
Nf7+ Kf6 34. Nd6 Ke5 35. Nf7+ Kf6 36. Nh6 b5 37. Ke1 b4 38. Kd2 Bg6 39. Ng8+
Kf7 40. Nh6+ Ke6 41. Ng8 b3 42. Kc1 c4 43. Kb2 Kf7 44. Nh6+ Kf6 45. Ng8+ Kf7
46. Nh6+ Ke6 47. Ng8 Bh7 48. Nh6 Bd3 49. Ng8 Be2 50. Nh6 Bd1 51. h3 Bc2 52. Ng8
Be4 53. Nh6 Bd3 54. Kc1 Bf1 55. Nf5 Bxh3 56. Nd4+ Kd5 57. Nf3 Bxg4 58. Nxg5 Bh5
59. Nh3 Ke4 60. Nf4 Bg4 61. Kb2 Kxe3 62. Nd5+ Kd2 63. Nb4 Be6 64. Nc6 Bd5 65.
Nd4 Ke3 66. Nf5+ Kd3 67. Nd4 Bf7 68. Nc6 Be6 69. Nd4 Bd7 70. Nf3 Ke3 71. Nd4
Kd3 72. Nf3 Ke4 1/2-1/2

[Event "FRA-ch blitz"]
[Site "Paris"]
[Date "2010.??.??"]
[Round "11"]
[White "Shchekachev, Andrei"]
[Black "Kosteniuk, Alexandra"]
[Result "1-0"]
[WhiteElo "2520"]
[BlackElo "2540"]
[PlyCount "91"]
[EventDate "2010.02.??"]
[EventType "tourn (blitz)"]
[EventRounds "13"]
[EventCountry "FRA"]
[SourceTitle "EXT 2011"]
[Source "ChessBase"]
[SourceDate "2010.11.26"]
[SourceVersion "1"]
[SourceVersionDate "2010.11.26"]
[SourceQuality "1"]

1. Nf3 d5 2. d4 Nf6 3. c4 e6 4. Nc3 dxc4 5. Bg5 Bb4 6. Qa4+ Nc6 7. e4 a6 8.
Bxc4 Rb8 9. Qd1 h6 10. Bxf6 Qxf6 11. e5 Qd8 12. O-O O-O 13. Ne4 b5 14. Bb3 Ne7
15. Qe2 Bb7 16. Rac1 Ng6 17. g3 Ne7 18. Rfd1 Bd5 19. Qc2 Ba5 20. a3 Bb6 21.
Bxd5 Qxd5 22. Qe2 Nf5 23. Nc3 Qb7 24. d5 Rbd8 25. Qe4 Qa7 26. Rc2 g6 27. Kg2
Kg7 28. Rcd2 exd5 29. Nxd5 Qb7 30. Re1 a5 31. g4 Nd4 32. Nxd4 Bxd4 33. Rxd4 c5
34. Rdd1 c4 35. f3 Qc6 36. Nf6 Qe6 37. Nd5 Rc8 38. Nf4 Qc6 39. e6 Qxe4 40. Rxe4
c3 41. bxc3 Rxc3 42. Rd7 Rxa3 43. Rb7 b4 44. Nd5 Rd3 45. e7 Rxd5 46. Rc4 1-0

[Event "FRA-ch blitz"]
[Site "Paris"]
[Date "2010.??.??"]
[Round "13"]
[White "Kosteniuk, Alexandra"]
[Black "Vaisser, Anatoli"]
[Result "1-0"]
[WhiteElo "2540"]
[BlackElo "2511"]
[PlyCount "56"]
[EventDate "2010.02.??"]
[EventType "tourn (blitz)"]
[EventRounds "13"]
[EventCountry "FRA"]
[SourceTitle "EXT 2011"]
[Source "ChessBase"]
[SourceDate "2010.11.26"]
[SourceVersion "1"]
[SourceVersionDate "2010.11.26"]
[SourceQuality "1"]

1. e4 e6 2. d4 d5 3. Nc3 Nf6 4. Bg5 dxe4 5. Nxe4 Nbd7 6. Nf3 h6 7. Nxf6+ Nxf6
8. Bh4 c5 9. Bd3 cxd4 10. Nxd4 Bc5 11. Nb3 Be7 12. Qe2 Bd7 13. O-O-O Qb6 14. f3
a5 15. Bf2 Qc7 16. Nd4 O-O 17. Kb1 a4 18. a3 Rfd8 19. g4 Ra5 20. h4 Bc6 21. g5
hxg5 22. hxg5 Rxg5 23. Be3 Rh5 24. Rxh5 Nxh5 25. Rh1 g6 26. Nxe6 fxe6 27. Bb6
Qxb6 28. Qxe6+ Kf8 1-0

[Event "RUS-chT (Women) 11th"]
[Site "Dagomys"]
[Date "2010.04.05"]
[Round "5"]
[White "Kosteniuk, Alexandra"]
[Black "Zhukova, Natalia"]
[Result "0-1"]
[WhiteElo "2524"]
[BlackElo "2492"]
[PlyCount "43"]
[EventDate "2010.04.01"]
[EventType "team-tourn"]
[EventRounds "7"]
[EventCountry "RUS"]
[SourceTitle "CBM 135 Extra"]
[Source "ChessBase"]
[SourceDate "2010.05.04"]
[SourceVersion "1"]
[SourceVersionDate "2010.05.04"]
[SourceQuality "1"]

1. e4 e5 2. Nf3 Nc6 3. d4 exd4 4. Nxd4 Bc5 5. Be3 Qf6 6. c3 Nge7 7. Bc4 O-O 8.
O-O b6 9. f4 d5 10. e5 Qh6 11. Be2 Nxe5 12. Qd2 Nc4 13. Bxc4 dxc4 14. f5 Qh5
15. f6 Nd5 16. fxg7 Re8 17. Bf2 Bb7 18. Na3 Bd6 19. g3 Nf4 20. gxf4 Qd5 21. Be3
Rxe3 22. Nf3 0-1

[Event "SUI-ch"]
[Site "Lenzerheide"]
[Date "2010.07.08"]
[Round "1"]
[White "Kosteniuk, Alexandra"]
[Black "Zueger, Beat"]
[Result "1-0"]
[WhiteElo "2519"]
[BlackElo "2404"]
[PlyCount "60"]
[EventDate "2010.07.08"]
[EventType "tourn"]
[EventRounds "9"]
[EventCountry "SUI"]
[EventCategory "10"]
[SourceTitle "CBM 137 Extra"]
[Source "ChessBase"]
[SourceDate "2010.09.01"]
[SourceVersion "1"]
[SourceVersionDate "2010.09.01"]
[SourceQuality "1"]

1. e4 e6 2. d4 d5 3. Nc3 Nf6 4. Bg5 Bb4 5. e5 h6 6. Bc1 Ne4 7. Qg4 Kf8 8. Nge2
f5 9. Qh3 c5 10. f3 Ng5 11. Bxg5 Qxg5 12. f4 Qd8 13. a3 Qa5 14. O-O-O Bxc3 15.
Nxc3 c4 16. g4 Nc6 17. gxf5 exf5 18. Rg1 Ne7 19. Qh4 Rg8 20. Rd2 Qa6 21. Rdg2
Qe6 22. Nb5 Rb8 23. Nc7 Qc6 24. Rxg7 Rxg7 25. Rxg7 Kxg7 26. Qxe7+ Kg6 27. e6
Bxe6 28. Nxe6 Rg8 29. Be2 c3 30. h4 h5 1-0

[Event "SUI-ch"]
[Site "Lenzerheide"]
[Date "2010.07.09"]
[Round "2"]
[White "Forster, Richard"]
[Black "Kosteniuk, Alexandra"]
[Result "1-0"]
[WhiteElo "2438"]
[BlackElo "2519"]
[PlyCount "87"]
[EventDate "2010.07.08"]
[EventType "tourn"]
[EventRounds "9"]
[EventCountry "SUI"]
[EventCategory "10"]
[SourceTitle "CBM 137 Extra"]
[Source "ChessBase"]
[SourceDate "2010.09.01"]
[SourceVersion "1"]
[SourceVersionDate "2010.09.01"]
[SourceQuality "1"]

1. c4 e6 2. Nf3 Nf6 3. g3 d5 4. Bg2 dxc4 5. Na3 Qd5 6. Qa4+ c6 7. Qxc4 Bxa3 8.
Qxd5 exd5 9. bxa3 O-O 10. d3 Re8 11. Rb1 Nbd7 12. Nd4 Nc5 13. O-O Na4 14. Be3
a6 15. Rb4 c5 16. Rxa4 Bd7 17. Rb4 cxb4 18. axb4 h6 19. Bd2 Rac8 20. h3 Ba4 21.
f4 Red8 22. f5 Ne8 23. g4 Nc7 24. f6 Ne6 25. Nxe6 fxe6 26. f7+ Kh7 27. Be3 Rf8
28. Bc5 Rxc5 29. bxc5 Bc6 30. d4 g6 31. Rf6 Bd7 32. h4 Kg7 33. g5 hxg5 34. hxg5
Rxf7 35. Rxf7+ Kxf7 36. Kf2 Bb5 37. Ke3 Bc4 38. a3 Ke7 39. Bf3 Kd7 40. Kf4 b6
41. cxb6 Kc6 42. Bh5 Kxb6 43. Bxg6 Bxe2 44. Be8 1-0

[Event "SUI-ch"]
[Site "Lenzerheide"]
[Date "2010.07.11"]
[Round "4"]
[White "Ekstroem, Roland"]
[Black "Kosteniuk, Alexandra"]
[Result "0-1"]
[WhiteElo "2496"]
[BlackElo "2519"]
[PlyCount "80"]
[EventDate "2010.07.08"]
[EventType "tourn"]
[EventRounds "9"]
[EventCountry "SUI"]
[EventCategory "10"]
[SourceTitle "CBM 137 Extra"]
[Source "ChessBase"]
[SourceDate "2010.09.01"]
[SourceVersion "1"]
[SourceVersionDate "2010.09.01"]
[SourceQuality "1"]

1. Nf3 d5 2. c4 c6 3. d4 Nf6 4. e3 Bf5 5. Nc3 e6 6. Nh4 Bg4 7. Qb3 Qb6 8. h3
Bh5 9. g4 Bg6 10. g5 Nfd7 11. Nxg6 hxg6 12. c5 Qc7 13. f4 Be7 14. Bg2 Na6 15.
O-O b6 16. Qa4 Qb7 17. b4 Nc7 18. Rb1 O-O 19. Qc2 a5 20. a3 axb4 21. axb4 Qa6
22. Bf3 bxc5 23. bxc5 e5 24. Be2 Qa7 25. fxe5 Bxg5 26. Bg4 f5 27. exf6 Nxf6 28.
Bf3 Rae8 29. e4 Bxc1 30. Rbxc1 Ne6 31. Qd2 dxe4 32. Nxe4 Nxe4 33. Bxe4 Qc7 34.
Rxf8+ Rxf8 35. Qh2 Rf4 36. Bxg6 Qd8 37. Re1 Qxd4+ 38. Kh1 Qc3 39. Rb1 Rf3 40.
Kg2 Nf4+ 0-1

[Event "SUI-ch"]
[Site "Lenzerheide"]
[Date "2010.07.12"]
[Round "5"]
[White "Kosteniuk, Alexandra"]
[Black "Huss, Andreas"]
[Result "1-0"]
[WhiteElo "2519"]
[BlackElo "2304"]
[PlyCount "93"]
[EventDate "2010.07.08"]
[EventType "tourn"]
[EventRounds "9"]
[EventCountry "SUI"]
[EventCategory "10"]
[SourceTitle "CBM 137 Extra"]
[Source "ChessBase"]
[SourceDate "2010.09.01"]
[SourceVersion "1"]
[SourceVersionDate "2010.09.01"]
[SourceQuality "1"]

1. e4 e6 2. d4 d5 3. Nc3 Bb4 4. a3 Bxc3+ 5. bxc3 dxe4 6. Qg4 Nf6 7. Qxg7 Rg8 8.
Qh6 Nbd7 9. Nh3 Qe7 10. Bg5 e5 11. Be2 Rg6 12. Qh4 b6 13. Bh5 Rg7 14. Bg4 Qd6
15. Bxd7+ Bxd7 16. dxe5 Qc5 17. O-O Ng4 18. Rae1 Bf5 19. Bf6 Rg6 20. Nf4 e3 21.
Nxg6 exf2+ 22. Rxf2 Nxf2 23. Qxf2 Qxf2+ 24. Kxf2 Bxg6 25. Re2 h5 26. Rd2 Bf5
27. Kg3 Kf8 28. Kh4 Bg6 29. Kg5 Re8 30. Rd7 Bxc2 31. Rxc7 Ra8 32. Kxh5 Bf5 33.
Rc4 Be6 34. Rd4 Rc8 35. Kg5 Bb3 36. Kh6 b5 37. Kh7 Bc2+ 38. Kh8 Bf5 39. g4 Be6
40. h4 a5 41. h5 a4 42. Kh7 Bb3 43. g5 Bc2+ 44. g6 fxg6 45. hxg6 Rc7+ 46. Kh6
Rc8 47. e6 1-0

[Event "SUI-ch"]
[Site "Lenzerheide"]
[Date "2010.07.16"]
[Round "9"]
[White "Gallagher, Joseph G"]
[Black "Kosteniuk, Alexandra"]
[Result "1-0"]
[WhiteElo "2499"]
[BlackElo "2519"]
[PlyCount "97"]
[EventDate "2010.07.08"]
[EventType "tourn"]
[EventRounds "9"]
[EventCountry "SUI"]
[EventCategory "10"]
[SourceTitle "CBM 137 Extra"]
[Source "ChessBase"]
[SourceDate "2010.09.01"]
[SourceVersion "1"]
[SourceVersionDate "2010.09.01"]
[SourceQuality "1"]

1. e4 e5 2. f4 exf4 3. Bc4 Nf6 4. Nc3 c6 5. Bb3 d5 6. exd5 cxd5 7. d4 Bb4 8.
Bxf4 Ne4 9. Qf3 a5 10. a4 Bxc3+ 11. bxc3 Be6 12. Ne2 O-O 13. O-O Nd7 14. Rab1
Qc8 15. Ba2 Qc6 16. Rb5 Nb6 17. Bb3 Nc4 18. Bxc4 Qxc4 19. Ra1 Bd7 20. Rxb7 Bxa4
21. Rc7 Bc6 22. Ng3 Rae8 23. Nf5 Nxc3 24. Kh1 Nb5 25. Qg3 g6 26. Ne7+ Rxe7 27.
Rxe7 Nxd4 28. Qg5 Ne6 29. Rxe6 fxe6 30. Be3 Qc3 31. Rg1 a4 32. Bf4 Qxc2 33. Qe7
Qf5 34. Bh6 Qf7 35. Bxf8 Qxe7 36. Bxe7 Kf7 37. Bd6 Ke8 38. Rf1 Kd7 39. Be5 Bb5
40. Rf7+ Kc6 41. Rc7+ Kb6 42. Rxh7 Kc5 43. Rc7+ Kb4 44. Re7 Bc4 45. Rxe6 d4 46.
Rd6 d3 47. Kg1 Kb3 48. Kf2 Kc2 49. Rc6 1-0

[Event "Kristiansund Grand Prix"]
[Site "Kristiansund"]
[Date "2010.08.27"]
[Round "2"]
[White "Berg, Emanuel"]
[Black "Kosteniuk, Alexandra"]
[Result "1-0"]
[WhiteElo "2612"]
[BlackElo "2519"]
[PlyCount "155"]
[EventDate "2010.08.26"]
[EventType "swiss"]
[EventRounds "6"]
[EventCountry "NOR"]
[SourceTitle "EXT 2012"]
[Source "ChessBase"]
[SourceDate "2011.11.24"]
[SourceVersion "1"]
[SourceVersionDate "2011.11.24"]
[SourceQuality "1"]

1. e4 e5 2. Nf3 Nc6 3. Bb5 a6 4. Ba4 Nf6 5. O-O Be7 6. Re1 b5 7. Bb3 O-O 8. d3
Bb7 9. Nbd2 Bc5 10. c3 Bb6 11. h3 h6 12. Nf1 d5 13. Qe2 Re8 14. Ng3 Na5 15. Bc2
c5 16. Nh2 c4 17. Ng4 cxd3 18. Bxd3 dxe4 19. Nxe4 Nxe4 20. Bxe4 Bxe4 21. Qxe4
Qd6 22. Be3 Bc7 23. Qf5 Qe6 24. Qxe6 Rxe6 25. Bc5 Nb7 26. Ba3 e4 27. Rad1 Rd8
28. Rxd8+ Bxd8 29. Rd1 Bb6 30. Rd5 Na5 31. b3 Nc6 32. Kf1 Bd8 33. Ne3 Bf6 34.
c4 bxc4 35. Nxc4 g6 36. Bc5 Bg7 37. a4 Bc3 38. Rd6 Rxd6 39. Nxd6 f5 40. g4 Bd4
41. b4 Bxc5 42. bxc5 Nd4 43. gxf5 gxf5 44. c6 Nxc6 45. Nxf5 Kf7 46. Nxh6+ Kg6
47. Ng4 Kg5 48. Ke2 Kf4 49. Kd2 Nd4 50. Nf6 a5 51. Kc3 Ne6 52. Kc4 Ng5 53. h4
Nh3 54. h5 Kf5 55. Nxe4 Kxe4 56. h6 Ng5 57. Kb5 Kf5 58. Kxa5 Kg6 59. Kb6 Ne4
60. Kc6 Nxf2 61. a5 Nd3 62. Kb5 Kxh6 63. a6 Kg5 64. a7 Kf4 65. a8=Q Ke3 66. Kc4
Ne5+ 67. Kd5 Nf3 68. Qe8+ Kf4 69. Qe6 Nd2 70. Qe2 Nf3 71. Qf2 Kg4 72. Ke4 Ng5+
73. Ke3 Ne6 74. Qf6 Ng5 75. Qg6 Kh4 76. Kf4 Nh3+ 77. Kf5 Nf2 78. Qg2 1-0

[Event "Kristiansund Grand Prix"]
[Site "Kristiansund"]
[Date "2010.08.27"]
[Round "3"]
[White "Kosteniuk, Alexandra"]
[Black "Madebrink, Lars"]
[Result "0-1"]
[WhiteElo "2519"]
[BlackElo "2247"]
[PlyCount "120"]
[EventDate "2010.08.26"]
[EventType "swiss"]
[EventRounds "6"]
[EventCountry "NOR"]
[SourceTitle "EXT 2012"]
[Source "ChessBase"]
[SourceDate "2011.11.24"]
[SourceVersion "1"]
[SourceVersionDate "2011.11.24"]
[SourceQuality "1"]

1. e4 c5 2. Nf3 d6 3. d4 cxd4 4. Nxd4 Nf6 5. Nc3 a6 6. Bg5 Nbd7 7. Bc4 Qb6 8.
Nb3 e6 9. Qd2 Be7 10. a4 Qc7 11. Be2 b6 12. O-O Bb7 13. Qe3 h6 14. Bf4 Ne5 15.
Nd2 O-O 16. Qg3 Kh8 17. Be3 Rac8 18. f4 Ned7 19. Qh3 d5 20. e5 Ng8 21. Nb3 Bb4
22. Bd4 Ne7 23. Bd3 Nc5 24. Nxc5 bxc5 25. Bf2 d4 26. Na2 Bd2 27. Bh4 c4 28.
Bxe7 Qxe7 29. Be2 Be4 30. c3 Be3+ 31. Kh1 Qb7 32. cxd4 Bxd4 33. Nc3 Bf5 34. Bf3
Qxb2 35. g4 Bd3 36. Ne4 Bxf1 37. Rxf1 c3 38. g5 c2 39. gxh6 g6 40. Qh4 f5 41.
Qe7 Bxe5 42. Ng5 Bg7 43. hxg7+ Qxg7 44. Qxg7+ Kxg7 45. Nxe6+ Kf7 46. Bd5 Ke7
47. Rc1 Rf6 48. Bb7 Rc3 49. Nd4 Rb6 50. Nxc2 Rxb7 51. Re1+ Kf7 52. Nd4 Re7 53.
Rf1 Re4 54. Nf3 Rxa4 55. Rf2 Kf6 56. Nd2 Rb4 57. Kg2 a5 58. Nf1 a4 59. Re2 a3
60. Ne3 Rxe3 0-1

[Event "Wch Blitz final (Women)"]
[Site "Moscow"]
[Date "2010.09.17"]
[Round "3"]
[White "Gaponenko, Inna"]
[Black "Kosteniuk, Alexandra"]
[Result "0-1"]
[WhiteElo "2469"]
[BlackElo "2523"]
[PlyCount "86"]
[EventDate "2010.09.17"]
[EventType "tourn (blitz)"]
[EventRounds "30"]
[EventCountry "RUS"]
[EventCategory "10"]
[SourceTitle "CBM 138 Extra"]
[Source "ChessBase"]
[SourceDate "2010.10.29"]
[SourceVersion "1"]
[SourceVersionDate "2010.10.29"]
[SourceQuality "1"]

1. e4 d5 2. exd5 Qxd5 3. d4 Nc6 4. Nf3 Bg4 5. Be2 O-O-O 6. c4 Qf5 7. Be3 Nf6 8.
O-O e5 9. d5 e4 10. Nd4 Nxd4 11. Bxd4 Bd6 12. Bxf6 Bxe2 13. Qxe2 Qxf6 14. Nc3
Qe5 15. g3 f5 16. Rad1 h5 17. f4 Bc5+ 18. Kg2 Qf6 19. h4 Rh6 20. a3 Rg6 21. Rh1
Rg4 22. Qf1 Be3 23. Rh3 Bxf4 24. Qf2 e3 25. Qf3 Re8 26. Kf1 Bd6 27. Re1 f4 28.
Re2 fxg3 29. Qxf6 gxf6 30. Kg2 f5 31. Nd1 Rxc4 32. Rxe3 Rce4 33. Rxe4 Rxe4 34.
Nc3 Re3 35. Rh1 a6 36. Rf1 f4 37. Rf3 Re1 38. Rf1 Rxf1 39. Kxf1 f3 40. Ne4 g2+
41. Kg1 Be5 42. b3 Bd4+ 43. Nf2 Kd7 0-1

[Event "Wch Blitz final (Women)"]
[Site "Moscow"]
[Date "2010.09.17"]
[Round "5"]
[White "Kosteniuk, Alexandra"]
[Black "Nebolsina, Vera"]
[Result "1-0"]
[WhiteElo "2523"]
[BlackElo "2310"]
[PlyCount "125"]
[EventDate "2010.09.17"]
[EventType "tourn (blitz)"]
[EventRounds "30"]
[EventCountry "RUS"]
[EventCategory "10"]
[SourceTitle "CBM 138 Extra"]
[Source "ChessBase"]
[SourceDate "2010.10.29"]
[SourceVersion "1"]
[SourceVersionDate "2010.10.29"]
[SourceQuality "1"]

1. e4 e5 2. Nf3 Nf6 3. d4 Nxe4 4. Bd3 d5 5. dxe5 Nc5 6. Be2 Be7 7. O-O O-O 8.
Re1 Bg4 9. h3 Bh5 10. Be3 c6 11. Nbd2 Nbd7 12. c4 Ne6 13. cxd5 cxd5 14. a3 Rc8
15. b4 Nb6 16. Nd4 Bxe2 17. Qxe2 Qd7 18. Red1 Na4 19. Qd3 Nb2 20. Qb3 Nxd1 21.
Rxd1 Nxd4 22. Bxd4 b6 23. f4 Qf5 24. Qf3 Rfd8 25. Nf1 Qe4 26. Qg4 Rc4 27. Be3
d4 28. Bd2 d3 29. Ng3 Qd4+ 30. Kh2 Qd7 31. Qf3 Rd4 32. f5 Qd5 33. Qe3 f6 34.
Bc3 Qxe5 35. Bxd4 Rxd4 36. Rxd3 Qxe3 37. Rxe3 Bd6 38. Kg1 Bxg3 39. Rxg3 Rd2 40.
Rc3 a5 41. Rc6 axb4 42. axb4 Rd5 43. Rxb6 Rxf5 44. Rb7 Rf4 45. b5 Rb4 46. Kf2
Rb3 47. Ke2 Kf8 48. b6 h5 49. Kd2 h4 50. Kc2 Rb5 51. Kc3 Rb1 52. Kc4 Ke8 53.
Kc5 Kd8 54. Rxg7 Rc1+ 55. Kd6 Rd1+ 56. Ke6 Rb1 57. b7 Rb6+ 58. Kf5 Rb5+ 59. Kg6
Rb6 60. b8=Q+ Rxb8 61. Rg8+ Kc7 62. Rxb8 Kxb8 63. Kxf6 1-0

[Event "Wch Blitz final (Women)"]
[Site "Moscow"]
[Date "2010.09.17"]
[Round "6"]
[White "Sebag, Marie"]
[Black "Kosteniuk, Alexandra"]
[Result "1-0"]
[WhiteElo "2510"]
[BlackElo "2523"]
[PlyCount "91"]
[EventDate "2010.09.17"]
[EventType "tourn (blitz)"]
[EventRounds "30"]
[EventCountry "RUS"]
[EventCategory "10"]
[SourceTitle "CBM 138 Extra"]
[Source "ChessBase"]
[SourceDate "2010.10.29"]
[SourceVersion "1"]
[SourceVersionDate "2010.10.29"]
[SourceQuality "1"]

1. e4 e5 2. Nf3 Nc6 3. Bb5 a6 4. Ba4 Nf6 5. O-O Be7 6. Re1 b5 7. Bb3 O-O 8. c3
d5 9. exd5 Nxd5 10. Nxe5 Nxe5 11. Rxe5 c6 12. d4 Bd6 13. Re1 Qh4 14. g3 Qh3 15.
Be3 Bg4 16. Qd3 Rae8 17. Nd2 Re6 18. Qf1 Qh5 19. f3 Nxe3 20. Qf2 Nd5 21. fxg4
Qxg4 22. Qf3 Qg6 23. Rxe6 fxe6 24. Qe4 Rf5 25. Re1 Bxg3 26. Qxe6+ Qxe6 27. Rxe6
Bf2+ 28. Kh1 a5 29. Rxc6 a4 30. Bxd5+ Rxd5 31. Nf3 h5 32. Re6 Rf5 33. Kg2 g5
34. Kxf2 g4 35. Re3 gxf3 36. Rxf3 Rd5 37. Ke3 Kg7 38. Ke4 Rd7 39. Rf5 Re7+ 40.
Re5 Rf7 41. Rxh5 Re7+ 42. Kd3 Rb7 43. Rc5 Kf6 44. h4 Ke6 45. h5 Kd6 46. h6 1-0

[Event "Wch Blitz final (Women)"]
[Site "Moscow"]
[Date "2010.09.17"]
[Round "8"]
[White "Lagno, Kateryna"]
[Black "Kosteniuk, Alexandra"]
[Result "1-0"]
[WhiteElo "2539"]
[BlackElo "2523"]
[PlyCount "81"]
[EventDate "2010.09.17"]
[EventType "tourn (blitz)"]
[EventRounds "30"]
[EventCountry "RUS"]
[EventCategory "10"]
[SourceTitle "CBM 138 Extra"]
[Source "ChessBase"]
[SourceDate "2010.10.29"]
[SourceVersion "1"]
[SourceVersionDate "2010.10.29"]
[SourceQuality "1"]

1. d4 Nf6 2. c4 e6 3. Nf3 d5 4. Nc3 dxc4 5. e4 Bb4 6. Bg5 c5 7. Bxc4 cxd4 8.
Nxd4 Bxc3+ 9. bxc3 Qa5 10. Bxf6 Qxc3+ 11. Qd2 Qxd2+ 12. Kxd2 gxf6 13. Bb5+ Kf8
14. Rac1 Kg7 15. Rc7 Rd8 16. Ke3 a6 17. Bc4 Kf8 18. Rc1 Nd7 19. a4 Ne5 20. Be2
Rb8 21. a5 Bd7 22. Rb1 Nc6 23. Nxc6 Bxc6 24. Bh5 Bb5 25. Rxf7+ Kg8 26. Rxf6
Rd3+ 27. Kf4 Rd2 28. Ke5 Rc8 29. Bf7+ Kg7 30. Bxe6 Re8 31. f4 Bc6 32. f5 Re2
33. Rb4 Ra2 34. Rf7+ Kh6 35. Kf6 Ra3 36. e5 Ra4 37. Rxa4 Bxa4 38. g4 Bc6 39.
g5+ Kh5 40. Rxh7+ Kg4 41. g6 1-0

[Event "Wch Blitz final (Women)"]
[Site "Moscow"]
[Date "2010.09.17"]
[Round "9"]
[White "Kosteniuk, Alexandra"]
[Black "Gunina, Valentina"]
[Result "1-0"]
[WhiteElo "2523"]
[BlackElo "2448"]
[PlyCount "159"]
[EventDate "2010.09.17"]
[EventType "tourn (blitz)"]
[EventRounds "30"]
[EventCountry "RUS"]
[EventCategory "10"]
[SourceTitle "CBM 138 Extra"]
[Source "ChessBase"]
[SourceDate "2010.10.29"]
[SourceVersion "1"]
[SourceVersionDate "2010.10.29"]
[SourceQuality "1"]

1. e4 c6 2. d4 d5 3. e5 Bf5 4. Nf3 e6 5. Be2 Nd7 6. O-O Ne7 7. Nh4 Be4 8. Nd2
c5 9. g3 Qb6 10. dxc5 Nxc5 11. Nxe4 dxe4 12. Be3 Nc6 13. c3 Qxb2 14. Bd4 Rd8
15. Rb1 Qxa2 16. Bb5 Be7 17. Qg4 O-O 18. Bxc6 bxc6 19. Ra1 Qd5 20. Ng2 Nb3 21.
Nf4 Qc4 22. Rxa7 Rfe8 23. Rxe7 Rxe7 24. Nh5 f5 25. exf6 Rf7 26. Nxg7 Kh8 27.
Nxe6 Rg8 28. Qf5 Nxd4 29. cxd4 Qd5 30. Qxd5 cxd5 31. Nf4 Rd8 32. Rc1 Rxf6 33.
Rc5 Rfd6 34. h4 Kg7 35. Rc7+ Kg8 36. Kg2 Re8 37. Rc5 Red8 38. h5 R8d7 39. Kh3
Kg7 40. g4 Kf6 41. Kh4 h6 42. Ng6 Ra7 43. Ne5 Ra4 44. Nc6 Ra2 45. Kg3 Ra3+ 46.
Kg2 Kg5 47. Ne5 Ra4 48. Nf7+ Kxg4 49. Nxd6 Rxd4 50. Nf7 Rd2 51. Nxh6+ Kg5 52.
Nf7+ Kxh5 53. Kg3 Kg6 54. Ne5+ Kf5 55. Ng4 Ke6 56. Kf4 Kd6 57. Ra5 Rd3 58. Ne3
Rd2 59. Ng4 Rd3 60. Ra6+ Kc5 61. Ne5 Rd2 62. Ke3 Rb2 63. Rc6+ Kb5 64. Rf6 Kc5
65. Nd7+ Kc4 66. Rc6+ Kb3 67. Rb6+ Kc3 68. Rxb2 Kxb2 69. Kd4 Kc2 70. Nf6 Kd2
71. Ng4 Ke2 72. Kxd5 Kf3 73. Ke5 Kxg4 74. Kxe4 Kg5 75. Ke5 Kg6 76. f4 Kg7 77.
Ke6 Kf8 78. Kf6 Ke8 79. Kg7 Ke7 80. f5 1-0

[Event "Wch Blitz final (Women)"]
[Site "Moscow"]
[Date "2010.09.17"]
[Round "10"]
[White "Zhukova, Natalia"]
[Black "Kosteniuk, Alexandra"]
[Result "0-1"]
[WhiteElo "2499"]
[BlackElo "2523"]
[PlyCount "67"]
[EventDate "2010.09.17"]
[EventType "tourn (blitz)"]
[EventRounds "30"]
[EventCountry "RUS"]
[EventCategory "10"]
[SourceTitle "CBM 138 Extra"]
[Source "ChessBase"]
[SourceDate "2010.10.29"]
[SourceVersion "1"]
[SourceVersionDate "2010.10.29"]
[SourceQuality "1"]

1. d4 Nf6 2. c4 e6 3. Nf3 d5 4. Nc3 dxc4 5. e3 a6 6. Bxc4 b5 7. Bd3 Bb7 8. Qe2
c5 9. O-O Nbd7 10. Rd1 Qc7 11. a3 Rc8 12. h3 Be7 13. e4 cxd4 14. Nxd4 O-O 15.
Bg5 Qb8 16. Rac1 Rfe8 17. Bb1 Bc5 18. Nf3 e5 19. Nh4 h6 20. Be3 Bf8 21. Nf5 Nc5
22. Qf3 Ne6 23. Nxh6+ gxh6 24. Qxf6 Bg7 25. Qf5 Nd4 26. Qh5 Nb3 27. Rc2 Rc6 28.
Nd5 Rxc2 29. Bxc2 Nd4 30. Bxh6 Re6 31. Bxg7 Kxg7 32. Qg5+ Rg6 33. Qc1 Qc8 34.
Rxd4 0-1

[Event "Wch Blitz final (Women)"]
[Site "Moscow"]
[Date "2010.09.17"]
[Round "11"]
[White "Kosteniuk, Alexandra"]
[Black "Kosintseva, Tatiana"]
[Result "0-1"]
[WhiteElo "2523"]
[BlackElo "2515"]
[PlyCount "181"]
[EventDate "2010.09.17"]
[EventType "tourn (blitz)"]
[EventRounds "30"]
[EventCountry "RUS"]
[EventCategory "10"]
[SourceTitle "CBM 138 Extra"]
[Source "ChessBase"]
[SourceDate "2010.10.29"]
[SourceVersion "1"]
[SourceVersionDate "2010.10.29"]
[SourceQuality "1"]

1. e4 e5 2. Nf3 Nc6 3. Bb5 a6 4. Ba4 Nf6 5. O-O Be7 6. Re1 b5 7. Bb3 d6 8. c3
O-O 9. h3 Nb8 10. d4 Nbd7 11. Nbd2 Bb7 12. Bc2 Re8 13. Nf1 Bf8 14. Ng3 g6 15.
a4 c5 16. d5 c4 17. Bg5 h6 18. Be3 Nc5 19. Qd2 h5 20. Ra3 Nfd7 21. Rea1 Nb6 22.
axb5 axb5 23. Rxa8 Bxa8 24. Ra7 Nbd7 25. Qd1 Qb8 26. Qa1 Bb7 27. Ra5 Bc8 28.
Qa3 Nf6 29. Nd2 Bd7 30. Qb4 Qc8 31. Kh2 h4 32. Ne2 Nh5 33. Ra1 f5 34. Nf3 fxe4
35. Nxh4 Kh7 36. Ra7 Be7 37. g3 Nf6 38. Bxc5 dxc5 39. Qa5 Kh6 40. Qb6 Rg8 41.
d6 Nd5 42. Qb7 Bxh4 43. Qxd7 Qxd7 44. Rxd7 Bf6 45. Bxe4 Nb6 46. Rb7 Na4 47.
Rxb5 Rd8 48. Bd5 Rxd6 49. Bxc4 Rd2 50. b3 Nb2 51. Ng1 Rxf2+ 52. Kh1 e4 53. Be2
Nd3 54. Rb6 Bxc3 55. Re6 Nc1 56. Rxe4 Nxb3 57. Bd3 Nd4 58. Rh4+ Kg7 59. Rg4 Rf6
60. Kg2 Rb6 61. h4 Kh6 62. Nh3 Bd2 63. Nf2 Be3 64. Ne4 Rb2+ 65. Kh3 Nf3 66.
Rxg6+ Kxg6 67. Ng5+ Kf6 68. Nxf3 Rb3 69. Be4 c4 70. g4 c3 71. g5+ Ke6 72. Bd3
Rb4 73. g6 Kf6 74. h5 Bh6 75. Kg3 Rb2 76. Ne1 Rd2 77. Bb1 Re2 78. Nc2 Ke5 79.
Kf3 Rh2 80. Ne1 Rxh5 81. Ke2 Kd4 82. Nf3+ Kc4 83. Be4 Kb4 84. Nd4 Rh2+ 85. Kd3
Ra2 86. Nc6+ Kc5 87. Ne5 Bg7 88. Nd7+ Kb4 89. Nb6 Rd2+ 90. Ke3 Rd6 91. Nc8 0-1